[Event "Saratov Governor's Cup"]
[Site "Saratov"]
[Date "2011.10.18"]
[Round "10"]
[White "Roiz, Michael"]
[Black "Moiseenko, Alexander"]
[Result "1/2-1/2"]
[WhiteElo "2668"]
[BlackElo "2726"]
[PlyCount "83"]
[EventDate "2011.10.08"]
[EventType "tourn"]
[EventRounds "11"]
[EventCountry "RUS"]
[EventCategory "19"]
[SourceTitle "CBM 145"]
[Source "ChessBase"]
[SourceDate "2011.11.11"]
[SourceVersion "1"]
[SourceVersionDate "2011.11.11"]
[SourceQuality "1"]

1. Nf3 {Illingworth,Max} Nf6 2. c4 e6 3. d4 d5 4. e3 c5 5. cxd5 ({RR} 5. Nc3 Nc6 6. a3 a6 7. dxc5 Bxc5 8. b4 Ba7 9. Bb2 O-O 10. Qc2 Qe7 11. Rd1 Rd8 12. Be2 d4 13. exd4 Nxd4 14. Nxd4 Bxd4 15. O-O e5 16. Na4) 5... exd5 6. Bb5+ Bd7 ({RR} 6... Nbd7 7. Nc3 a6 8. Be2 Be7 9. O-O O-O 10. b3 b5 11. dxc5 Nxc5 12. Bb2 Bb7) ({RR} 6... Nc6 7. O-O Bd6 8. dxc5 Bxc5 9. b3 O-O 10. Bb2 Bg4 11. Bxc6 ({RR} 11. h3 Bh5) 11... bxc6 12. Nbd2 Rc8 13. Qc2 Nd7 14. Ne5 Nxe5 15. Qxc5 Nd3 16. Qd4 Nxb2 17. Qxg4 c5) 7. Bxd7+ Nbxd7 8. dxc5 Nxc5 ({RR} 8... Bxc5 9. O-O O-O 10. Nc3 Nb6 11. b3) 9. O-O Be7 ({RR} 9... Bd6 10. Bd2 ({RR} 10. b3 O-O 11. Bb2) 10... O-O 11. Bc3 Nfe4 12. Bd4 Rc8 13. Nc3 Ne6) 10. Nc3 ({RR} 10. Bd2 O-O 11. Bc3 ({RR} 11. Bb4 Nce4 12. Bxe7 Qxe7) 11... Nfe4 12. Bd4 Ne6 ({RR} 12... Rc8 13. Nc3 Nxc3 14. Bxc3 Ne4) 13. Nc3 Nxd4 14. Nxd4 Nxc3 15. bxc3 Qd7 16. Qb3 Rac8 17. Rfd1 Rc5 18. Rd3) 10... O-O 11. b3 a6 ({RR} 11... Nce4 12. Ne2 ({RR} 12. Bb2 Qa5 ({RR} 12... Rc8)) 12... Qa5 ({RR} 12... Rc8 13. Bb2 Re8 14. Rc1 Qa5 15. a4 Bb4 16. h3) 13. Bb2 Ba3 ({RR} 13... Rfe8 14. Nfd4 Bd6 15. f3 Nc5 16. Nf5 Be5 17. Ned4) ({RR} 13... Rac8 14. Nfd4 Ba3 15. Bxa3 Qxa3 16. f3 Ng5 17. Qd2 Ne6 18. Rac1 Nxd4 19. Nxd4 a6 20. Rc3 Rxc3 21. Qxc3) 14. Bxa3 Qxa3 15. Qc1 ({RR} 15. Nf4 Nc3 16. Qd2 Rfc8 17. Nd4) 15... Qa6 ({RR} 15... Qxc1 16. Raxc1 Rac8 17. Nfd4) ({RR} 15... Qd6 16. Qb2 Rac8 17. h3 ({RR} 17. Nf4) 17... Rc5 18. Rac1 Rfc8 19. Nfd4 Qd7 ({RR} 19... g6) 20. Rxc5 Rxc5 21. Rc1 Qc8 22. Rxc5 Qxc5 23. f3 Nd6 24. Kf2) 16. Qb2 Rac8 17. Nfd4 Rc7 ({RR} 17... Nc5 18. Rad1 g6 ({RR} 18... Nd3 19. Qd2) 19. Nf4) 18. Rac1 ({RR} 18. f3 Nc5 19. Qd2) ({RR} 18. a4) 18... Rfc8 ({RR} 18... Nc5 19. Qa1 Rfc8 20. h3 Nd3 21. Rxc7 Rxc7 22. Rd1) 19. a4 ({RR} 19. Rxc7 Rxc7 20. Rc1 Qb6 21. Rxc7 Qxc7 22. f3 Nd6 23. Nf4) 19... Qb6 20. Nb5 ({RR} 20. Rxc7 Rxc7 21. Rc1 Ng4) 20... Rxc1 21. Rxc1 Rxc1+ 22. Qxc1 g6 23. f3 Nc5 24. Qc3 a6 25. Nbd4 Qd6 ({RR} 25... Qc7 26. Nf5 gxf5 27. Qxf6 Qa5) 26. h4 {Aronian,L (2780)-Caruana,F (2805) Stavanger 2015 CBM 167 [Illingworth,Max] 1-0 (60)} ({RR} 26. Nf4)) ({RR} 11... Qa5 12. Nxd5 Nxd5 13. Qxd5 Rfd8 14. Qc4 b5 15. Qc2 Rac8 16. Qb1) ({RR} 11... Rc8 12. Bb2 Re8 13. Ne2 Qa5 14. a3 Qb5 15. Nfd4 Qd7 16. Rc1 Bd6 17. Nf4 Bxf4 ({RR} 17... Be5) 18. exf4) ({RR} 11... Nce4 12. Ne2 Qa5 13. Bb2 Rfe8 14. h3 Bf8 15. Nfd4 Rac8 16. a3 Qa6 17. Nf4 g6 18. Qd3 Qxd3 19. Nxd3 Bg7 20. Rac1 Nd7 21. Nf4 Nb6 22. Rfd1 Nc5 23. Rb1 Ne4 24. Rbc1 Nc5 25. Rb1 Ne4 26. Kf1 {Chen,J (2380)-Tsay,V (2305) Washington DC USA 2026 ½-½ (76)}) ({RR} 11... Nce4 12. Ne2 Rc8 13. Bb2 Qa5 14. a3 Qa6 15. Nfd4 Rfd8 16. f3 Nc5 17. Qd2 Bf8 18. Rfd1 Qb6 19. Qb4 Qa6 20. Qd2 Qb6 21. Rab1 Re8 22. Nf4 Bd6 23. Nd3 a6 24. Nxc5 Bxc5 25. b4 Bf8 26. Rbc1 {Ponomariov,R (2744)-Moiseenko,A (2670) Kharkov 2010 ½-½}) 12. Bb2 b5 $146 ({RR} 12... Rc8 13. Ne2 Nce4 14. Nfd4 Qd7 15. f3 Nc5 16. Ng3 g6 17. Qd2 Rfd8 18. Rfd1 Bf8 19. Rac1 Bg7 20. Nde2 Ne6 21. Rxc8 {½-½ (21) Khenkin,I (2509)-Novikov,I (2551) Germany 2022}) ({RR} 12... Rc8 13. Ne2 Nce4 14. Nfd4 Qd7 15. f3 Nc5 16. Ng3 g6 17. Qd2 Rfd8 18. Rfd1 Bf8 19. Rac1 Bg7 20. Nde2 Ne6 21. Rxc8 {½-½ (21) Khenkin,I (2509)-Novikov,I (2551) Germany 2022}) 13. Ne2 Rc8 14. Rc1 Nce4 15. Ned4 Bc5 16. Ne5 Qd6 17. Nd3 Bxd4 18. Bxd4 Rxc1 19. Qxc1 Ng4 20. Nf4 Ngxf2 21. Rxf2 Nxf2 22. Kxf2 Qd7 23. Qa3 Qc6 24. Qe7 Rc8 25. Kf3 Qc2 26. Qg5 Qe4+ 27. Kg3 f6 28. Bxf6 Qxe3+ 29. Kg4 Rc7 30. Bd4 Qe8 31. Qxd5+ Rf7 32. Qe6 Qd7 33. Qxd7 Rxd7 34. Ne6 Kf7 35. Ng5+ Ke8 36. Nf3 Rc7 37. a3 Rc2 38. g3 g6 39. h4 a5 40. Bb6 a4 41. bxa4 Rc4+ 42. Kh3 1/2-1/2

[Event "Spilimbergo op 16th"]
[Site "Spilimbergo"]
[Date "2018.08.12"]
[Round "4"]
[White "Dreev, Alexey"]
[Black "Jobava, Baadur"]
[Result "1-0"]
[WhiteElo "2635"]
[BlackElo "2646"]
[PlyCount "83"]
[EventDate "2018.08.10"]
[EventType "swiss"]
[EventRounds "9"]
[EventCountry "ITA"]
[SourceTitle "CBM 186 Extra"]
[Source "ChessBase"]
[SourceDate "2018.08.24"]
[SourceVersion "1"]
[SourceVersionDate "2018.08.24"]
[SourceQuality "1"]

1. d4 {Primel,Dominique} d5 2. c4 c6 3. Nf3 e6 4. Qb3 ({RR} 4. Qc2) 4... Bd6 ({RR} 4... Nf6 5. Nc3 ({RR} 5. g3 Be7 ({RR} 5... dxc4 6. Qxc4 b5 7. Qb3 ({RR} 7. Qc2 Bb7 8. Bg2 Nbd7 9. O-O c5) 7... Nbd7 8. Bg2 Bb7 9. O-O a6 10. a4 c5 11. axb5 Bd5 12. Qd3 c4 13. Qc2 axb5 14. Rxa8 Qxa8 15. Nc3 Bc6 16. Nh4) ({RR} 5... Nbd7 6. Bg2 Qb6 ({RR} 6... Be7 7. O-O Ne4 8. Nc3 f5 9. Ne1 Nd6 10. cxd5 exd5 11. Nd3) ({RR} 6... Bd6 7. Bf4 Bxf4 ({RR} 7... Qa5+ 8. Nc3 Bxf4 9. gxf4 Rb8 10. O-O dxc4 11. Qxc4 Qf5 12. e3 h6) 8. gxf4 O-O 9. Nbd2 c5) 7. O-O Ne4 8. Nbd2 f5 9. e3 Be7) 6. Bg2 O-O 7. O-O b6 ({RR} 7... Nbd7 8. Rd1 ({RR} 8. Bf4 b6 9. Nc3 Ba6 10. cxd5 cxd5 11. Nb5) 8... b6 9. Nc3 Bb7 10. cxd5 cxd5 11. Bf4 Nh5 12. Bd2 Nhf6 13. Rac1) 8. Nc3 a5 9. Rd1 Nbd7 10. cxd5 cxd5 11. Bf4 Ba6 12. Nb5 Bb4 13. a4 Ne4) 5... Qb6 ({RR} 5... Be7 6. g3 dxc4 7. Qxc4 b5 8. Qd3 Bb7 9. Bg2 Nbd7 10. O-O a6 11. Ng5 Ra7 12. a4 b4 13. Nce4 a5 14. Qc2 Nd5) ({RR} 5... dxc4 6. Qxc4 b5 7. Qb3 Nbd7 8. Bg5 h6 ({RR} 8... Qa5 9. Bd2 b4 10. Na4 Ba6 11. Rc1 Ne4) 9. Bxf6 Qxf6 10. e3 a6 11. a4) 6. c5 Qc7 7. g3 Nbd7 8. Bf4 Qd8 9. Qa4 Be7 10. Rc1 O-O 11. b4) ({RR} 4... Nd7 5. Nc3 ({RR} 5. g3 Bd6 6. Bg2 f5 7. O-O Ngf6 8. Ng5 Qe7 9. Nh3 dxc4 10. Qxc4 e5) ({RR} 5. Bf4 Ngf6 6. Nc3 Be7 7. h3 O-O 8. e3 Ne4 9. Bd3 Qa5 10. O-O Nxc3 11. bxc3 dxc4 12. Bxc4 Nb6 13. Bc7 Qa4 14. Qxa4 Nxa4 15. Rfc1 Bd7 16. Bb3 Rfc8 17. Bg3 c5) 5... Ngf6 6. g3 ({RR} 6. Bg5 h6 7. Bxf6 Nxf6 8. e3 Be7 9. Be2 O-O 10. O-O b6 11. Rfd1 Bb7 12. Rac1) 6... Be7 ({RR} 6... Nb6 7. c5 Nbd7 8. Qa4 e5 9. b4 exd4 10. Nxd4 g6 11. Bg2 Bg7 12. O-O O-O) 7. Bg2 O-O 8. O-O b6 ({RR} 8... Nb6 9. cxd5 ({RR} 9. c5 Nbd7) 9... exd5 10. a4 ({RR} 10. Bf4) 10... a5) 9. Bg5 ({RR} 9. cxd5 cxd5 10. Bf4 a6 11. Rfc1 Bb7 12. Na4) 9... Bb7 10. cxd5 exd5 11. Rad1 Re8 12. Rfe1 Ne4 13. Bf4 Nxc3 14. bxc3 a5) ({RR} 4... Be7 5. Nc3 dxc4 6. Qxc4 b5 7. Qb3 Nf6 8. g3 a6 9. Bg2 Bb7 10. O-O c5) ({RR} 4... f5 5. Bf4 Nf6 6. e3) ({RR} 4... dxc4 5. Qxc4 b5 6. Qc2 Bb7 7. e4 Nd7 8. Bd3 ({RR} 8. Nc3 Rc8 9. a3 Ne7 10. Be3 Ng6 11. Be2 a6 12. O-O c5 13. d5) ({RR} 8. Be2 a6 9. O-O c5 10. a4 b4 11. Bg5 Qc7 12. Nbd2 Ngf6 13. Rac1 Rc8) ({RR} 8. Nbd2 Ngf6 ({RR} 8... a6 9. Nb3 Ngf6 10. Be3 c5) 9. a3 Qb6 ({RR} 9... a6 10. b4 a5) 10. b4 a5) 8... a6 9. a4 Ngf6 10. O-O Qb6 11. Nc3 b4 12. a5 ({RR} 12. e5 bxc3 13. exf6 c5 ({RR} 13... cxb2 14. fxg7 bxa1=N 15. gxh8=Q Nxc2 16. Bxc2 c5 17. Ne5) ({RR} 13... Nxf6 14. bxc3)) 12... Qa7 13. e5 bxc3 14. exf6 gxf6 15. bxc3 c5 16. Be4) 5. Bg5 ({RR} 5. Nc3 f5 ({RR} 5... Nf6 6. Bg5 Nbd7 7. e3 Qa5 ({RR} 7... O-O 8. cxd5 exd5 9. Bd3 Re8) 8. cxd5 exd5 9. Bd3 Ne4 10. O-O Nxg5 11. Nxg5 h6 12. Nf3 Nf6) 6. Bg5 ({RR} 6. g3 Nf6 7. Bf4 O-O ({RR} 7... Bxf4 8. gxf4 O-O 9. e3) 8. Bxd6 ({RR} 8. Bg2 Kh8 9. O-O Bxf4 10. gxf4 Ne4 11. e3) 8... Qxd6 9. Bg2) 6... Nf6 7. e3 O-O 8. Bd3) ({RR} 5. g3 Nf6 6. Bg2 O-O 7. O-O Nbd7 8. Bg5 ({RR} 8. Nc3 dxc4 ({RR} 8... b6 9. Nd2 Bb7 10. e4 dxe4 11. Ndxe4 Nxe4 12. Nxe4 Be7 13. Rd1) ({RR} 8... Re8 9. Rd1 Qe7 10. Bf4 ({RR} 10. Nh4 Nf8 11. Bg5 h6 12. Bxf6 Qxf6 13. e4 dxc4 14. Qxc4 e5) 10... a5 11. Bxd6 Qxd6 12. Nd2 Qb4 13. Qc2 b6 14. e4 dxc4 15. a3 Qe7 16. e5 Nd5 17. Nxc4) 9. Qxc4 e5) ({RR} 8. Bf4 dxc4 9. Qxc4 Nb6 10. Qc2 Bxf4 11. gxf4 Nbd5 12. e3) 8... b6 9. Nc3 Ba6 10. cxd5 exd5 11. Rad1 Qc7 12. Rfe1 Rfe8) 5... f6 6. Bh4 Ne7 7. Bg3 Nf5 ({RR} 7... O-O 8. Nc3 ({RR} 8. e3 b6 9. Nc3 ({RR} 9. Nbd2 c5 10. Bd3 Nbc6 11. cxd5 exd5 12. Bxd6 Qxd6 13. dxc5 bxc5 14. Ne4 c4 15. Nxd6 cxb3 16. axb3) 9... Ba6 10. e4 Re8 11. Rd1 Ng6 12. Bd3 Nf4 13. Bxf4 Bxf4 14. O-O) 8... Nf5 ({RR} 8... Ng6 9. e3 Kh8 10. Bd3 f5 11. Rc1 Qe7 12. Bxd6 Qxd6 13. cxd5 exd5 14. h4 Nd7 15. h5 Ne7 16. Ne2 Nf6 17. Nf4 b6 18. Qa3 Qxa3 19. bxa3 Ng4 20. Ke2 Bd7 21. a4 Rae8 22. Ne1 Kg8 23. Ba6) 9. e3 ({RR} 9. Bxd6 Nxd6 10. e3 dxc4 ({RR} 10... Qb6 11. Qxb6 axb6 12. Nd2 Na6 13. Na4 b5 14. Nb6 ({RR} 14. cxb5 Nb4 15. Nb6 Ra7 16. Nxc8 Rxc8 17. b6 Raa8 18. Ke2 Rxa2 19. Rxa2 Nxa2 20. Nb3 Ra8) 14... Ra7 15. c5 Nc4 16. Ndxc4 bxc4 17. Kd2 e5 18. b3 cxb3 19. axb3 Bf5 20. b4 exd4 21. exd4 Re8 22. b5 cxb5 23. Bxb5) 11. Bxc4 Nxc4 12. Qxc4 b6 13. Qb3 Re8 14. O-O Ba6 15. Rfd1) 9... Nxg3 10. hxg3 f5 ({RR} 10... Nd7 11. cxd5 exd5 12. Nxd5) 11. Bd3 a5 ({RR} 11... Nd7 12. cxd5 exd5 13. Nxd5) ({RR} 11... Qf6 12. g4 dxc4 13. Qxc4 Kh8 14. g5 ({RR} 14. gxf5 exf5 15. Qb3) 14... Qe7 15. Qb3 Nd7 16. Qc2 Qf7 17. Nh4 g6 18. f4 ({RR} 18. g4 Be7 19. gxf5 exf5 20. Bc4 Qg7 ({RR} 20... Qe8 21. Nf3) 21. Nf3) 18... c5 19. Nb5 Be7 20. Qc3 Kg8 21. Nc7 cxd4 22. Qxd4 Rb8 23. Nxg6 Qxg6 24. Rh6 Qg7 25. Qxg7+ Kxg7 26. Nxe6+) ({RR} 11... Na6 12. g4 Nb4 13. Bb1 dxc4 ({RR} 13... Qa5 14. gxf5 exf5 15. a3 dxc4 16. Qxc4+ Nd5 17. e4 Re8 ({RR} 17... fxe4 18. Bxe4 Re8 19. O-O-O Be6 20. Bxh7+) 18. Kf1 fxe4 19. Bxe4 Be6 20. Bxh7+) 14. Qxc4 Kh8 15. gxf5 exf5 16. a3 Nd5 17. Nxd5 cxd5 18. Qb3) 12. a3 ({RR} 12. g4 a4 13. Qc2 ({RR} 13. Nxa4 dxc4 14. Bxc4 Rxa4 15. Qxa4 b5 16. Bxb5 cxb5 17. Qxb5 fxg4) 13... dxc4 14. Bxc4 b5 15. Bd3) 12... Qe7 ({RR} 12... b6 13. g4 dxc4 14. Bxc4 a4 15. Bxe6+ Kh8 16. Qa2 fxg4 17. Nh4 Qf6 18. Bxc8 Rxc8 19. Ne4) 13. Ne2 ({RR} 13. g4 a4 14. Qc2 ({RR} 14. Nxa4 dxc4) 14... dxc4 15. Bxc4 b5 16. Bd3 Na6 17. gxf5 exf5 18. Rc1 ({RR} 18. Nh4 g6 19. Nf3)) 13... Nd7 ({RR} 13... a4 14. Qc2 b6 15. g4 dxc4 16. Bxc4 Ba6 17. gxf5 Bxc4 18. Qxc4 Rxf5) 14. g4 ({RR} 14. Nf4 a4 15. Qc2 b6 16. cxd5 cxd5 17. Bb5 ({RR} 17. Ng5 Nf6 18. Bb5 Bxf4 19. gxf4 Bd7 20. Bd3) 17... Bb7 18. Bxa4 Rfc8 19. Qd1) 14... Nf6 15. cxd5 ({RR} 15. gxf5 exf5 16. Nc3 dxc4 17. Bxc4+ Kh8 18. Nh4 Qe8 19. Bd3 g6) 15... Nxg4 16. dxc6 ({RR} 16. dxe6 Bxe6 17. Bc4 Bxc4 18. Qxc4+ Rf7 19. Rh5 g6 20. Rh1) 16... bxc6 17. e4 ({RR} 17. Qc2 c5 18. dxc5 Bxc5 19. Rc1 Bd6 20. Ned4 Bd7 21. Bc4 Kh8 22. Nh4 Qf6) 17... Rb8 ({RR} 17... fxe4 18. Bxe4 Nf6 19. Bxc6 Rb8 20. Qc2) 18. Qc2 c5 ({RR} 18... Qb7 19. Rb1 ({RR} 19. e5 Be7 20. Rb1 Rd8 21. Nf4 g6 22. Qc4 Bxa3 23. bxa3 ({RR} 23. Nxe6 Bb4+ 24. Ke2 Bxe6 25. Qxe6+ Kg7 26. Ng5) 23... Qxb1+ 24. Bxb1 Rxb1+ 25. Ke2 Rxh1 26. Nxe6 Bxe6 27. Qxe6+ Kh8 28. Qxc6)) 19. e5 Bc7 20. Rc1 Bb6 ({RR} 20... Rf7 21. O-O ({RR} 21. dxc5 Nxe5) ({RR} 21. Qxc5 Rxb2 22. Qc3 Ra2 23. Ra1 Rxa1+ 24. Qxa1 Bb7 25. Nf4) ({RR} 21. Rh5 g6 22. Rh1 cxd4 23. Nexd4 Bb7) 21... cxd4 22. Nexd4 Qe8 23. Nc6 Ra8 24. Ng5 Rf8 25. Qc5 Bd8 26. Nf3 Bb7 27. Bb5 Qg6 28. Rfd1) 21. dxc5 Ba7 22. Ned4) ({RR} 7... Ng6 8. Bxd6 Qxd6 9. Qa3 Qxa3 10. Nxa3 Na6 11. e3 Nb4 12. Be2 b6 13. O-O Bb7 14. Rfc1 Rc8 15. Nc2 Nxc2 16. Rxc2 Ke7 17. Rac1 Rhd8 18. b4 dxc4 19. Bxc4 c5 20. bxc5 bxc5 21. Bb3 cxd4 22. Nxd4) 8. Bxd6 Nxd6 $146 ({RR} 8... Qxd6 9. Nc3 Nd7 10. e4 Ne7 ({RR} 10... dxe4 11. Nxe4 Qf4 12. Bd3) 11. Bd3 e5 12. dxe5 fxe5 13. cxd5 ({RR} 13. exd5 cxd5 ({RR} 13... Nc5 14. Ne4) 14. cxd5) 13... Nc5 14. Qc2 O-O ({RR} 14... Nxd3+ 15. Qxd3 O-O) 15. Rd1 Kh8 ({RR} 15... Bg4) 16. Be2 Qg6 17. b4 ({RR} 17. d6) 17... Nd7 18. d6 Ng8 ({RR} 18... Nd5 19. Qb3 Nxc3) 19. O-O Ngf6 20. Nh4 Qg5 21. g3 Nh5 22. Bxh5 Qxh5 23. Rd2 {Payen,A (2378)-Lafaurie,P (2126) Issy les Moulineaux 2007 EXT 2008 [Primel,Dominique] 1-0 (35)}) 9. e3 Nd7 10. Nc3 O-O 11. Be2 Kh8 12. O-O a5 13. c5 Nf7 14. e4 dxe4 15. Nxe4 f5 16. Ng3 e5 17. dxe5 Ndxe5 18. Nxe5 Nxe5 19. Qc3 Qe7 20. Rae1 Nd7 21. Bd3 Qxc5 22. Bxf5 Qxc3 23. bxc3 b5 24. Re6 b4 25. Rxc6 Ne5 26. Rxc8 Raxc8 27. Bxc8 Rxc8 28. cxb4 axb4 29. Rd1 h6 30. h3 Rc2 31. Rd4 Nc6 32. Rd6 Ne5 33. f4 Nf7 34. Rd4 Rxa2 35. Rxb4 Nd6 36. Rb8+ Kh7 37. Rd8 Ra3 38. Kh2 Nc4 39. Nh5 Ra5 40. g4 Ra2+ 41. Kg3 Ra3+ 42. Kf2 1-0

[Event "Bundesliga 0203"]
[Site "Germany"]
[Date "2002.10.19"]
[Round "1.1"]
[White "Ftacnik, Lubomir"]
[Black "Khenkin, Igor"]
[Result "1-0"]
[WhiteElo "2603"]
[BlackElo "2603"]
[PlyCount "78"]
[EventDate "2002.10.19"]
[EventType "team-tourn"]
[EventRounds "15"]
[EventCountry "GER"]
[SourceTitle "EXT 2003"]
[Source "ChessBase"]
[SourceDate "2002.11.25"]
[SourceVersion "1"]
[SourceVersionDate "2002.11.25"]
[SourceQuality "1"]
[WhiteTeam "Hamburger SK"]
[BlackTeam "Tegernsee"]
[WhiteTeamCountry "GER"]
[BlackTeamCountry "GER"]

1. d4 {Tsesarsky,Ilya Tsesarsky,Ilya} d5 2. c4 e6 3. Nf3 c6 4. Nbd2 Nf6 5. g3 c5 6. Bg2 Nc6 7. cxd5 exd5 8. O-O Be7 9. dxc5 Bxc5 10. Nb3 ({RR} 10. a3 O-O 11. b4 Bb6 12. Bb2 Re8 13. Nb3 Qe7 14. b5 Na5 15. Nxa5 Bxa5 16. e3 Bf5 17. Qa4 Bb6 18. Qf4 Be4 19. Bxf6 Qxf6 20. Qxf6 gxf6 21. Rfd1) 10... Bb6 ({RR} 10... Bd6 11. Bg5 Be6 12. Nbd4 h6 13. Be3 O-O 14. Rc1) 11. Qd3 ({RR} 11. Bg5 O-O 12. e3 Be6 13. Rc1 Rc8) 11... O-O 12. Be3 Bxe3 ({RR} 12... Bg4 13. Bxb6 Qxb6 14. Nfd4 Nxd4 15. Nxd4 ({RR} 15. Qxd4 Bxe2 16. Rfe1 Bc4) 15... Rac8 ({RR} 15... Qxb2 16. Rfb1) 16. b3 Bh5 17. Rfc1 Bg6 18. Qd1 Be4) 13. Qxe3 Re8 14. Qd3 Qb6 ({RR} 14... Qe7 15. e3 Bg4 16. Nfd4 Ne5) 15. e3 ({RR} 15. Nfd4 Bd7 16. Rfc1 Ne4 17. e3 Ne5 18. Qe2 h5) 15... Bg4 16. Nbd4 $146 ({RR} 16. Nfd4 Rac8 ({RR} 16... Ne5 17. Qb5 Qxb5 18. Nxb5 Be2 19. Nc7 Bxf1 20. Kxf1 Nd3 ({RR} 20... Nc4 21. Nd4 Ne4 ({RR} 21... Nxb2 22. Nxa8 Rxa8 23. Rb1 Nc4 24. Rxb7) 22. b3) 21. Nd4 Ne4 22. Nxa8 Rxa8 23. f3 Nec5 24. b3 a5 25. Ke2 a4 ({RR} 25... Kf8 26. a3) 26. bxa4 Rxa4 27. f4 Rxa2+ 28. Rxa2 Nc1+ 29. Kd2 Nxa2 30. Bxd5 Nb4) 17. Rfc1 Nb4 ({RR} 17... Ne5 18. Qf1 Bh5 ({RR} 18... Rc4 19. h3 Bh5 20. f4 Rxc1 ({RR} 20... Nc6 21. g4 Rxe3 22. Rxc4 dxc4 23. Qxc4 Bxg4 ({RR} 23... Nxd4 24. Nxd4 Qxb2 25. Rd1) 24. hxg4 Nxg4 ({RR} 24... Rxb3 25. axb3 Qxd4+ 26. Qxd4 Nxd4 27. Rxa7) 25. Rd1 h5) 21. Rxc1 Nc4 22. g4 Nxe3 23. Qf2 Bxg4 24. Re1 Nxg2 25. Rxe8+ Nxe8 26. hxg4 Nxf4 27. Qxf4) 19. Rxc8 Rxc8 20. Rc1 Rxc1 21. Qxc1 Nc6 22. Qc3 Bg6) 18. Qf1 ({RR} 18. Qf1 Rxc1 19. Qxc1 Rc8 20. Qf1) 18... Rxc1 19. Qxc1 Rc8 20. Qf1 a5 ({RR} 20... Bd7 21. Rc1 Rxc1 22. Nxc1 Nc6) ({RR} 20... Bh5) 21. Rc1 a4 ({RR} 21... Rxc1 22. Qxc1 Nxa2 ({RR} 22... Ne4 23. f3 Nxa2 24. Qa1 Qh6 25. fxe4 Qxe3+ 26. Kf1 ({RR} 26. Kh1 a4 27. Qg1 Qxg1+ 28. Kxg1 axb3 29. exd5 Nc1 30. d6 Kf8 31. Bxb7 Ke8) 26... dxe4 27. Qe1 ({RR} 27. Qxa2 Qd3+) 27... Qxe1+ 28. Kxe1 b6 29. Bxe4) 23. Qa1 Nb4 24. Qxa5 Qxa5 25. Nxa5 Bc8) 22. Rxc8+ Bxc8 23. Nc1 Bd7 ({RR} 23... Qc7 24. Qd1 Bd7 25. a3) 24. a3 Na6 25. Nd3 Nc5 26. Nb4 ({RR} 26. Nxc5 Qxc5 27. Qd1 h6 28. h3 Ne4 29. Qc2 Qxc2 ({RR} 29... b6 30. Bxe4 dxe4 31. Qxe4 Bxh3 32. Qe8+ Kh7 33. Qxa4) 30. Nxc2) 26... Qd6 ({RR} 26... Ne6 27. Qd3 Nxd4 28. Qxd4 Qxd4 29. exd4 Be6 30. Na2 Bd7 31. Nc3 Bc6 32. Bf3 Kf8 33. Bd1 b5 34. Be2) 27. Qd1 Qe5 ({RR} 27... Bg4 28. Qc2 b6) 28. Nd3 Nxd3 29. Qxd3 h5 ({RR} 29... h6) 30. Qc2 Ne4 {Huebner,R (2599)-Mueller,K (2533) Altenkirchen 1999 CBM 074 [Tsesarsky,Ilya] 1-0 (70)} ({RR} 30... Qd6 31. Bf3)) ({RR} 16. Nfd4 Rac8 17. Rfc1 Nb4 18. Qb5 Qxb5 19. Nxb5 Nd3 20. Rxc8 Rxc8 21. N3d4 a6 22. Nc3 Be6 ({RR} 22... Nxb2 23. Nxd5 Nxd5 24. Bxd5 b5 25. Bb7) 23. Nd1 Ne4 24. Bf1 Ne5 25. f3 Nd6 26. Kf2 Kf8 ({RR} 26... h5) 27. Be2 h5 28. Ke1 Ke7 29. a4 Nc6 ({RR} 29... a5) 30. Nc3 Nxd4 {Haba,P (2534)-Khenkin,I (2603) Germany 2003 CBM 094 [Tsesarsky,Ilya] 1-0 (72)}) 16... Ne4 ({RR} 16... Rad8) 17. Qb3 Qxb3 18. Nxb3 Rac8 19. Nfd4 Bd7 20. Rfc1 Ne5 21. Bxe4 Rxc1+ 22. Rxc1 dxe4 23. Nc5 Bh3 24. Nxe4 Nd3 25. Rc3 Nxb2 26. Nd6 Rb8 27. Rb3 Rd8 28. Rxb7 h6 29. N6b5 a5 30. Na7 Nc4 31. Nac6 Rd6 32. Rb5 a4 33. Rb4 Nd2 34. f3 a3 35. Kf2 h5 36. Ne5 Rd5 37. Nd3 g5 38. Ke2 Nf1 39. Nf2 Re5 1-0

[Event "Yalta super"]
[Site "Yalta"]
[Date "1995.??.??"]
[Round "1"]
[White "Malaniuk, Vladimir P"]
[Black "Ivanchuk, Vassily"]
[Result "1/2-1/2"]
[WhiteElo "2615"]
[BlackElo "2700"]
[PlyCount "61"]
[EventDate "1995.??.??"]
[EventType "team"]
[EventRounds "1"]
[EventCountry "UKR"]
[SourceTitle "CBM 047 Extra"]
[Source "ChessBase"]
[SourceDate "1995.09.01"]
[SourceVersion "1"]
[SourceVersionDate "1995.09.01"]
[SourceQuality "1"]

1. d4 {Ftacnik,Lubomir} Nf6 2. Nf3 d5 3. c4 e6 4. e3 a6 5. Nbd2 ({RR} 5. b3 c5 6. cxd5 ({RR} 6. Bd3 Nc6 7. Bb2 Bd6 8. O-O O-O 9. Nc3 b6 10. Rc1 cxd4 11. exd4 Bf4 12. Ra1 Bb7 13. Qe2 Re8) 6... Nxd5 ({RR} 6... Qxd5 7. Nc3 Qd8 8. Bd3 cxd4 9. Nxd4 e5) 7. a3 ({RR} 7. e4) 7... cxd4 8. Nxd4 Be7) 5... c5 6. dxc5 ({RR} 6. cxd5 exd5 7. dxc5 Bxc5 8. a3 ({RR} 8. Nb3 Bd6 9. h3 O-O 10. Bd3 Nc6 11. O-O Ne4 12. Bd2 Qf6 13. Nbd4 Re8 14. Bc3 Qh6 15. Re1 Nxd4 16. Bxd4 Re6 17. Kf1 Rg6 18. Be5 Bxh3 19. gxh3 Qxh3+ 20. Ke2 Bxe5) 8... Nc6 9. b4 Ba7 10. Nb3 O-O 11. Bb2 Bg4 12. Be2 Qe7 13. O-O Rac8 14. Nbd4 Nxd4 15. Nxd4 Bd7 16. Bd3 Qe5 17. Qe2 Bb8 18. g3 Qe7 19. Nf5 Bxf5 20. Bxf5) ({RR} 6. b3 cxd4 ({RR} 6... Nc6 7. Bb2 Be7 8. Be2 O-O 9. O-O Re8 10. Re1 Bf8 11. Bf1 cxd4 12. exd4 b6 13. Ne5 Bb7) 7. exd4 Nc6 8. Bb2 g6 9. Be2 Bg7 10. O-O O-O 11. Ne5 Nd7 12. Nxc6 bxc6 13. Nf3 Qa5 14. Qc2 Bb7 15. Rfd1 Rfc8 16. Bc3 Qc7 17. Qd2 Nf6 18. Ba5 Ne4 19. Bxc7 Nxd2 20. Bb6 Nxf3+) 6... Bxc5 7. b3 ({RR} 7. a3 dxc4 ({RR} 7... O-O 8. b4 Bd6 9. Bb2 b6 10. Bd3 Bb7 11. O-O) 8. Bxc4 b5 9. Be2 ({RR} 9. Ba2 Bb7 10. O-O O-O 11. b4 Bd6 12. Bb2 Nbd7) 9... O-O 10. b4 Bd6 ({RR} 10... Bb6 11. Bb2 Bb7 12. O-O Nbd7) 11. Bb2 Bb7 12. O-O ({RR} 12. Nb3 Ne4 13. Na5 Bd5 14. Rc1 Bc7) 12... Nbd7 ({RR} 12... Nc6 13. Bxf6 gxf6 14. Ne4 Be7 15. Qc2) 13. Rc1 Qe7 ({RR} 13... Rc8 14. Rxc8 Qxc8 15. Qb3) 14. Bd3 h6 ({RR} 14... e5 15. Nh4 ({RR} 15. Ng5 Rac8 16. Nge4) 15... g6 16. Qe2) 15. Qc2 ({RR} 15. Qe2 Rac8) 15... Rac8 ({RR} 15... e5 16. Nh4) 16. Qb1 Nb6 17. Bd4 ({RR} 17. Be5) 17... Nfd7 ({RR} 17... Na4 18. Qa1) 18. Bh7+ Kh8 19. Be4 Bxe4 ({RR} 19... Nd5 20. Rxc8 Rxc8 21. Rc1) 20. Qxe4 ({RR} 20. Nxe4 Bb8 21. Rfd1 Nc4 22. Nc5) 20... e5 21. Bxb6 ({RR} 21. Bb2 f5 ({RR} 21... Nf6 22. Qf5 g6 23. Qh3 Kg7 24. Rfd1) 22. Qb7 e4 ({RR} 22... Ra8 23. Rfd1 Rfb8 24. Qc6 Rc8) 23. Nd4 Qe5 ({RR} 23... Ra8 24. Rfd1 Rfb8 25. Qc6 Rc8 ({RR} 25... Ne5 26. Nxf5 Nxc6 27. Nxe7 Nxe7 28. Nxe4 Nc4 29. Rxc4 Bxh2+ 30. Kxh2 bxc4 31. Rd7 Nf5 32. g4 Re8 33. gxf5 Rxe4 34. Rxg7) 26. Nxf5 Rxc6 27. Nxe7 ({RR} 27. Rxc6 Qe6 28. Nxd6 ({RR} 28. Nxg7 Bxh2+ 29. Kxh2 Qxc6) 28... Qd5 29. Rxb6 Nxb6 30. N6xe4 Qd3) 27... Rxc1 28. Ng6+ Kh7 29. Rxc1) 24. g3 Ra8) 21... Nxb6 {Malaniuk,V (2615)-Bareev,E (2670) Polanica Zdroj 1997 CBM 061 [Ftacnik,Lubomir] 0-1} {RR} 22. Nh4 ({RR} 22. Qb1 Rfd8) ({RR} 22. Qf5 g6 ({RR} 22... Rxc1 23. Rxc1 Rd8 24. Ne4 Nc4 ({RR} 24... Bb8 25. h4 Nc4 26. Nfg5 hxg5 27. Nxg5 g6 28. Qxf7 Bd6 29. Qxg6) 25. h4 f6 26. h5 Kg8 ({RR} 26... Nxa3 27. Nh4 Qe8 ({RR} 27... Kg8 28. Qg6 Qf7 29. Nxd6) 28. Ng6+ Kg8 29. Nxd6 Rxd6 30. Rc8 Rd8 31. Qe6+) 27. Nh4) 23. Qh3 Kg7 24. Ne4 f5 25. Nxd6 Qxd6) 22... g6) ({RR} 7. a3 a5 8. Nb3 Bd6 9. cxd5 exd5 10. Bb5+ Nc6 11. Nbd4 Bd7 12. Qa4 Qb6 13. Bd2 O-O 14. Rc1 Ne4 15. Nb3 Bg4 16. Be2 Nxd2 17. Kxd2 Bxf3 18. gxf3 d4 19. Qb5 Qd8 20. Kc2 dxe3 21. fxe3 Qe7 {Ilincic,Z (2294)-Nesterov,A (2584) Budapest HUN 2024 ½-½ (55)}) 7... O-O 8. Bb2 Qe7 $146 ({RR} 8... Nc6 9. cxd5 exd5 10. Be2 Qe7 11. O-O Rd8 12. a3 d4 13. exd4 Nxd4 14. Nxd4 Bxd4 15. Bxd4 Rxd4 16. Qe1 Be6 17. Nf3 Rd7 18. Ne5 Rc7 19. Bc4 b5 20. Bxe6 Qxe6 21. b4 Re8 22. Nf3 Qc8 23. Qb1 {Xu,Y (2443)-Ding,L (2755) China 2015 ½-½}) 9. a3 Nc6 10. Qc2 Rd8 11. Bd3 d4 12. exd4 Nxd4 13. Nxd4 Bxd4 14. Bxd4 Rxd4 15. Nf3 Rd6 16. O-O b6 17. Rfd1 Bb7 18. Ne5 g6 19. b4 Rad8 20. Be2 Ne4 21. Rxd6 Rxd6 22. Rd1 Qf6 23. Ng4 Rxd1+ 24. Qxd1 Qb2 25. Bf3 h5 26. Bxe4 Bxe4 27. Ne3 Qxa3 28. Qd8+ Kh7 29. Qf6 Kg8 30. Qd8+ Kh7 31. Qf6 1/2-1/2